Sports Quiz

Random Sports or NFL Quiz

NFL Starting QBs (Atlanta Falcons) Quiz Stats

 Plays Quiz Updated Jan 4, 2019

Score 0/11 Timer 04:00
5 Plays Today
Starts Player % Correct
158Matt Ryan
98.9%
67Michael Vick
92%
39Chris Chandler
58.5%
2Matt Schaub
49.1%
6Chris Redman
34%
10Joey Harrington
32.9%
11Doug Johnson
30%
2Byron Leftwich
17.9%
4Kurt Kittner
7.8%
3Tony Graziani
5.6%
2Danny Kanell
5.5%

You're not logged in!

Compare scores with friends on all Sporcle quizzes.
OR
Log In

Show Comments

Extras

Top Quizzes Today


Score Distribution

Your Account Isn't Verified!

In order to create a playlist on Sporcle, you need to verify the email address you used during registration. Go to your Sporcle Settings to finish the process.

Report this User

Report this user for behavior that violates our Community Guidelines.

Details: